| 000 | 02373nam a2200313 i 4500 | ||
|---|---|---|---|
| 003 | DO-SdBNP | ||
| 005 | 20250812073540.0 | ||
| 007 | ta | ||
| 008 | 250812t2025 dr o 000 0 spa d | ||
| 020 | _z9789945656442 | ||
| 040 |
_aDO-SdBNP _bspa _cBNPHU _erda |
||
| 041 | _aspa | ||
| 082 |
_axxxx _bT233 _222 |
||
| 100 | 1 |
_aTaveras, Lourdes _eautora _4aut. _926602 |
|
| 245 | 1 | 4 |
_aLas Guáranas / _cLourdes Taveras |
| 246 | 1 | 4 |
_aLas Guáranas : _bhistoria del Municiìo de Las Guáranas y sus inicios desde 1887 / |
| 250 | _aPrimera edición | ||
| 264 | 1 |
_aSanto Domingo : _bImprenta Primo, _c2025. |
|
| 300 |
_a83 páginas _c24 cm. |
||
| 336 |
_atexto _btxt _2rdacontent |
||
| 337 |
_asin mediación _bn _2rdamedia |
||
| 338 |
_avolumen _bnc _2rdacarrier |
||
| 500 | _aEn la cubierta del libro, hay un error de impresión en el año de los inicios que dice 18887. | ||
| 505 | 0 | _tPrólogo -- Fundación de Las Guáranas -- Dinámica y desarrollo -- Manuel María Ventura Tovar -- Regresando a los inicios -- Nace un nuevo sector -- Bienvenida Ventura (Biencita) -- Nace el sector de Aguas Vivas -- El Canal -- Nace el sector La Factoría -- Sector Iglesias -- Los Rivera y Cuca -- Los veinte. Nace otro sector -- Así nos relató José Mendoza -- Arte y cultura -- Cultura popular -- Tiempos diferentes -- Luis Capellán y los Capellán -- José Ramón Ventura (Pichiro) -- Roberto Antonio -- El Aforrao Compaíto -- Don Emiliano y Doña Nieves -- La Chispa, sus artesanías y vida -- Alfredo Pérez (alias Pichao) -- Bruna y Campion -- La educación -- 1966-67-68 -- Alfredo Ureña inolvidable profesor -- No menos fue doña Esperanza Gil de Canals -- Doña Flora Salazar -- Doña Zoraida Paula de Martínez -- Teresa Collado Peralta -- Salud -- Ursina Gómez (Niní) -- Nuestra Fe Católica -- Don Antonio Matías -- Francisco Monegro (Billín) -- Delio Ramón Ventura (Neno Lora) y Ramona Ventura su esposa -- Inocencio Semo -- Irenita -- Autoridad Municipal -- El hombre del Certificó qué -- Agradecimientos -- Conclusión / | |
| 520 | _aLas Guáranas, un rincón lleno de encanto y maravillas que nos brinda República Dominicana. Debe su nombre a unas plantas de guáranas que se encontraban en un monte cercano al pueblo. Esta zona comenzó a ser habitada para el siglo XIX. | ||
| 590 | _aInventariado, 2025/ YL | ||
| 910 | _aYLockward | ||
| 942 |
_2ddc _cLBS1 |
||
| 999 |
_c59761 _d59761 |
||